Statistics for Random Flag-Shape to Country

Click here to take the quiz!

General Stats

  • This quiz has been taken 3,696 times
  • The average score is 17 of 20

Answer Stats

Answer% Correct
Australia
99%
Turkey
99%
Brazil
98%
Canada
98%
France
98%
Argentina
97%
China
97%
Spain
97%
Switzerland
97%
Austria
96%
Cyprus
96%
Finland
96%
Georgia
96%
Germany
96%
Greece
96%
Jamaica
96%
Mexico
96%
Norway
96%
Ukraine
96%
United States
96%
India
95%
Morocco
95%
Portugal
95%
Slovakia
95%
Sri Lanka
95%
Sweden
95%
Croatia
94%
Czech Republic
94%
Egypt
94%
Ireland
94%
Italy
94%
South Africa
94%
United Kingdom
94%
Uruguay
94%
Bangladesh
93%
Bosnia and Herzegovina
93%
Iceland
93%
Israel
93%
Kosovo
93%
Pakistan
93%
Poland
93%
Romania
93%
Russia
93%
Thailand
93%
Albania
92%
Cuba
92%
Estonia
92%
Iraq
92%
Kenya
92%
Netherlands
92%
Nigeria
92%
Saudi Arabia
92%
Somalia
92%
Venezuela
92%
Chile
91%
Denmark
91%
Indonesia
91%
Iran
91%
Laos
91%
New Zealand
91%
North Macedonia
91%
Slovenia
91%
Tunisia
91%
Vatican City
91%
Belgium
90%
Colombia
90%
Lebanon
90%
Mongolia
90%
Panama
90%
Bulgaria
89%
Japan
89%
Peru
89%
Philippines
89%
Qatar
89%
Uganda
89%
Algeria
88%
Belarus
88%
Bhutan
88%
Luxembourg
88%
Malaysia
88%
Mali
88%
North Korea
88%
Paraguay
88%
South Korea
88%
Vietnam
88%
Cambodia
87%
Hungary
87%
Serbia
87%
Syria
87%
Ecuador
86%
Ghana
86%
Kazakhstan
86%
Uzbekistan
86%
Costa Rica
85%
Latvia
85%
Montenegro
85%
Angola
84%
Azerbaijan
84%
Taiwan
84%
Turkmenistan
84%
United Arab Emirates
84%
Yemen
84%
Chad
83%
Dominican Republic
83%
Ethiopia
83%
Guatemala
83%
Haiti
83%
Ivory Coast
83%
Jordan
83%
Moldova
83%
Nicaragua
83%
San Marino
83%
Senegal
83%
Liechtenstein
82%
Lithuania
82%
Myanmar
82%
Niger
82%
Singapore
82%
Barbados
81%
Cameroon
81%
D.R. Congo
81%
Eswatini
81%
Honduras
81%
Malta
81%
Nepal
81%
Papua New Guinea
81%
Andorra
80%
Central African Republic
80%
Madagascar
80%
Monaco
80%
Trinidad and Tobago
80%
Armenia
79%
Benin
79%
Brunei
78%
Namibia
78%
Sudan
78%
Zimbabwe
77%
Belize
76%
Kyrgyzstan
76%
El Salvador
75%
Libya
75%
Mozambique
75%
Palau
75%
Botswana
74%
Burkina Faso
74%
Malawi
74%
Mauritania
74%
Saint Lucia
74%
Zambia
74%
East Timor
73%
Guyana
73%
Kuwait
73%
Lesotho
73%
Liberia
73%
Tanzania
73%
Burundi
72%
Bahrain
71%
Tajikistan
71%
Gabon
70%
Oman
70%
Nauru
69%
Suriname
69%
Antigua and Barbuda
67%
Bahamas
67%
Eritrea
67%
Samoa
67%
Guinea-Bissau
66%
Rwanda
66%
Seychelles
66%
Solomon Islands
66%
South Sudan
66%
Togo
66%
Saint Kitts and Nevis
65%
Guinea
64%
Sierra Leone
64%
Djibouti
63%
Rep. of the Congo
63%
Saint Vincent and the Grenadines
63%
Comoros
62%
Equatorial Guinea
61%
Bolivia
59%
Dominica
59%
Fiji
59%
Mauritius
59%
Grenada
56%
Cape Verde
47%
São Tomé and Príncipe
34%

Score Distribution

Percentile by Number Answered

Percent of People with Each Score

Your Score History

You have not taken this quiz